Novela y cuento del siglo XX en el Perú.
Wedi'i Gadw mewn:
| Prif Awdur: | |
|---|---|
| Awduron Eraill: | |
| Fformat: | Llyfr |
| Iaith: | Saesneg |
| Cyhoeddwyd: |
Murcia, España:
Universidad de Alicante,
2007.
|
| Cyfres: | Cuadernos de América sin nombre,
|
| Pynciau: | |
| Tagiau: |
Ychwanegu Tag
Dim Tagiau, Byddwch y cyntaf i dagio'r cofnod hwn!
|
MARC
| LEADER | 00000nam a22000007a 4500 | ||
|---|---|---|---|
| 003 | CL-VaPUC | ||
| 005 | 20241127090051.0 | ||
| 008 | 241121t2007 ||||| |||| 00| 0 eng d | ||
| 999 | |c 445859 |d 445857 | ||
| 020 | |a 978-84-7908-850-4 | ||
| 040 | |c Pontificia Universidad Católica de Valparaíso | ||
| 082 | |2 22 |a Pe863.4 GNU 2007 | ||
| 100 | |9 894092 |a Gnutzmann, Rita |e autora | ||
| 245 | |a Novela y cuento del siglo XX en el Perú. | ||
| 260 | |a Murcia, España: |b Universidad de Alicante, |c 2007. | ||
| 300 | |a 295 páginas. | ||
| 490 | |a Cuadernos de América sin nombre, |n 21. | ||
| 500 | |a c.1: Donación. Memo EDU. 14-11-2024. | ||
| 583 | |c 20241121 |k Yessy Sthefany Diaz Vidal | ||
| 650 | 0 | |9 319011 |a Novelas peruanas |v Autores, historia y vanguardias |y Siglo 20 | |
| 650 | 0 | |9 257452 |a Literatura peruana |x Literatura indigenista |y Siglo 20 | |
| 700 | |9 894093 |a Morales Saravia, José |e prólogo | ||
| 942 | |2 ddc |c BK | ||
| 952 | |0 0 |1 0 |2 ddc |4 0 |6 PE_863_400000000000000_GNU_2007 |7 0 |8 A |9 598173 |a BIBEDU |b BIBEDU |d 2024-11-21 |e Donación |i 5663322 |o Pe863.4 GNU 2007 |p 5663322 |r 2024-11-21 |t 1 |w 2024-11-21 |y BK |k EDU | ||